LEADER 00747nam2 22002412 450 001 000002017 005 20080721123416.0 010 $a88-02-02075-2 100 $a20001023d1974----km-y0itay50------ba 101 0 $aita 102 $aIT 200 1 $aCalcolatori elettronici$fPier Giorgio Perotto 210 $aTorino$cUTET$d1974 215 $aVol.2: IV, 444 p., [2] c. di tav.$cill.$d25 cm 461 1$1001000002015$12001$aSistemi di automazione$vVol. 2 610 1 $aControllo automatico$aSistemi 676 $a621.381 700 1$aPerotto,$bPier Giorgio$0543937 801 0$aIT$bUNIPARTHENOPE$gRICA$2UNIMARC 912 $a000002017 951 $cPIST$a621-S/1/II$b22245$d20001023 996 $aCalcolatori elettronici$91122172 997 $aUNIPARTHENOPE LEADER 01089nam0-2200325---450- 001 990009548540403321 005 20120323100523.0 035 $a000954854 035 $aFED01000954854 035 $a(Aleph)000954854FED01 035 $a000954854 100 $a20120323f20052006km-y0itaa50------ba 101 0 $aita 102 $aIT 105 $aa---b---001yy 200 1 $aMorelli e Verdi tra arte e musica$cDomenico Morelli, pittore e docente 210 $a[S.l$cs.n$d200.] 215 $a1 v.$cill.$d24 cm 300 $aPubblicazione bifronte 300 $aSul primo frontespizio: Conservatorio di musica San Pietro a Majella Napoli, 28 novembre 2005-4 febbraio 2006 300 $aSul secondo frontespizio: Accademia di Belle Arti di Napoli, 28 novembre 2005-4 febbraio 2006 517 1 $aMorelli 610 0 $aMorelli, Domenico$aEsposizioni$aNapoli$a2005-2006 801 0$aIT$bUNINA$gRICA$2UNIMARC 901 $aBK 912 $a990009548540403321 952 $aNA.SEZ B 2936$b16736$fFARBC 959 $aFARBC 996 $aMorelli e Verdi tra arte e musica$9854291 997 $aUNINA